000 00587nam a22001577a 4500
005 20120418113139.0
020 _a8129109522
_c495.00
035 _aB-157855
037 _aDPL
_bENG
100 _aShourie, Arun
_945272
245 _aFalling over backwards :
_bAn essay on reservations and on judicial populism /
_cby Arun Shourie
260 _aNew Delhi
_bRupa and Co.
_c2006
300 _axi, 378p.
_c22 cms.
942 _2ddc
_cEN
_h305.56
_mSHO
999 _c65178
_d65178